[Event "Maribor Pirc Memorial op 20th"]
[Site "Maribor"]
[Date "2017.06.24"]
[Round "1"]
[White "Beliavsky, Alexander G"]
[Black "Solmajer, Luka"]
[Result "1-0"]
[WhiteElo "2589"]
[BlackElo "2026"]
[PlyCount "51"]
[EventDate "2017.06.24"]
[EventType "swiss"]
[EventRounds "9"]
[EventCountry "SLO"]
[SourceTitle "CBM 179 Extra"]
[Source "ChessBase"]
[SourceDate "2017.08.23"]
[SourceVersion "1"]
[SourceVersionDate "2017.08.23"]
[SourceQuality "1"]

1. Nf3 d5 2. c4 c6 3. e3 e6 4. b3 Nf6 5. Bb2 Nbd7 6. Qc2 Bd6 7. d4 0-0 8. Bd3 c5 9. 0-0 b6 10. cxd5 exd5 11. Nbd2 Re8 12. dxc5 bxc5 13. e4 Bb7 14. exd5 Bxd5 15. Bc4 Ne5 16. Bxd5 Nxd5 17. Rad1 Qc7 18. Ng5 Nf6 19. Nc4 Nxc4 20. Bxf6 gxf6 21. Qxh7+ Kf8 22. Qh6+ Ke7 23. Rfe1+ Ne5 24. Ne4 Nf3+ 25. gxf3 Be5 26. Nxf6 1-0

[Event "Ljubljana-chT 70th"]
[Site "Ljubljana"]
[Date "2017.03.23"]
[Round "9.1"]
[White "Debevec, Blaz"]
[Black "Solmajer, Luka"]
[Result "1-0"]
[WhiteElo "2180"]
[BlackElo "2020"]
[PlyCount "33"]
[EventDate "2017.01.12"]
[EventType "team-tourn"]
[EventRounds "9"]
[EventCountry "SLO"]
[SourceTitle "EXT 2019"]
[Source "ChessBase"]
[SourceDate "2018.10.10"]
[SourceVersion "1"]
[SourceVersionDate "2018.10.10"]
[SourceQuality "1"]
[WhiteTeam "Komenda Popotnik"]
[BlackTeam "Klinicni Center"]
[WhiteTeamCountry "SLO"]
[BlackTeamCountry "SLO"]

1. e4 e6 2. d4 d5 3. Nc3 Bb4 4. e5 c5 5. Qg4 Ne7 6. dxc5 Bxc3+ 7. bxc3 Ng6 8. Nf3 0-0 9. Qh5 Nc6 10. Bd3 f5 11. exf6 Qxf6 12. 0-0 Nce7 13. Bg5 Qf7 14. Ne5 Qe8 15. Bxe7 Rf5 16. Bxf5 exf5 17. Bd6 1-0